IEEE Recommended practice for grounding of industrial and commercial power systems
Enregistré dans:
| Collectivité auteur: | |
|---|---|
| Format: | Livre |
| Langue: | anglais |
| Publié: |
Nueva York
IEEE
1982
|
| Collection: | STD, 142
|
| Sujets: | |
| Tags: |
Ajouter un tag
Pas de tags, Soyez le premier à ajouter un tag!
|
MARC
| LEADER | 00000nam a2200000 a 4500 | ||
|---|---|---|---|
| 001 | UCU5291 | ||
| 003 | CL-VaPUC | ||
| 008 | 960531e19820000US |||||||||||||||||eng|d | ||
| 082 | 0 | 4 | |a 621.31 |b IEE |2 21 |
| 110 | 2 | |a IEEE |e author |9 363222 | |
| 245 | 1 | 0 | |a IEEE Recommended practice for grounding of industrial and commercial power systems |
| 300 | |a 136 p | ||
| 942 | |c BK | ||
| 945 | |d 19960531 00:00:00 |a paguirre | ||
| 260 | |a Nueva York |b IEEE |c 1982 | ||
| 650 | 0 | |a Electricidad |9 260222 | |
| 650 | 0 | |a Corrientes eléctricas |9 354960 | |
| 650 | 0 | |a Voltaje |9 362861 | |
| 650 | 0 | |a Energía eléctrica |9 256678 | |
| 650 | 0 | |a Potencia |9 363223 | |
| 583 | |a last modification |c 19960531 00:00:00 |k Rodrigo Vera | ||
| 490 | 0 | |a STD, 142 | |
| 999 | |c 248701 |d 248699 | ||
| 952 | |0 0 |1 0 |4 0 |6 621_310000000000000_IEE_1982 |7 0 |8 A |9 265496 |a BIBING |b BIBING |d 2019-11-19 |i 1674889 |o 621.31 IEE 1982 |p 1674889 |r 2025-01-20 |w 2019-11-19 |y BK |k EIE | ||